000
00202nam a22000977a 4500
999
_c
16200
_d
16200
003
OSt
008
200623b ||||| |||| 00| 0 eng d
100
_a
Sree vanful
_9
4621
245
_a
Vathayam
942
_c
BK